LEADER 00998nam a2200265 i 4500 001 000000100230 003 CaOOAMICUS 005 20171009000000.0 008 171009s2008 it u000 u ita u 013 $a72382 020 $a978-88-7887-127-4 040 $aSeMil$bita 100 1 $aMojetta, Angelo.$0(OLS)http://semarc/name/92658 245 10$aBiologia /$cAngelo Mojetta. 260 $aMilano :$bVallardi,$c2008. 300 $a319 p. :$bill. ;$c19 cm. 490 0 $aSuperSintesi : per chi vuole imparare in fretta e bene 650 4$aBiologia.$0(OLS)http://semarc/subject/3115 830 0$aSuperSintesi.$0(OLS)http://semarc/title/406633 850 $aSeMil 852 $aSeMil$W1$xVenegono$y1$m3X II 44$j57419$B57419$CSeMilBibl$Z2$F67741 $81 961 $aOmaggio: Delpini mons. Mario 996 $6020$a978-88-7887-127-4$9(OLS)http://semarc/number/272461 996 $6245$aBiologia$9(OLS)http://semarc/title/406632 996 $6260$aMilano :$bVallardi$9(OLS)http://semarc/publisher/30148 LEADER 00983nam a2200217 i 4500 001 000000062177 003 CaOOAMICUS 005 20131030000000.0 008 131030s1758 xx u000 u lat u 013 $a33349 026 $at,e- r-e- o-ex rese (3) 1758 (R) 040 $aSeMil$bita 245 10$aTomus 8. De sacramentis in genere: item de baptismo, confirmatione, et eucharistia. 300 $aXVI, 310, [2] p. 500 $aSegn. : a8 A-S8 T12. 773 0 $aConcina, Daniele $tTheologia christiana dogmatico-moralis auctore f. Daniele Concina Ordinis praedicatorum. Tomus 1. [-4.] In decalogum.$dRomae : prostant venales Venetiis : Apud Simonem Occhi, 1758.$g8$w()9423 850 $aSeMil 852 $aSeMil$W1$xVenegono$y1$m2L III 76 FA$j28330$B28330$CSeMilBibl$Z2$F28333 $8I 941 1 $a10 961 $aRecupero: Mantegazza 996 $6245$aTomus 8. De sacramentis in genere: item de baptismo, confirmatione, et eucharistia$9(OLS)http://semarc/title/97841